000
00331nam a2200133Ia 4500
008
100328s9999 xx 000 0 und d
082
_b
67662
100
_a
पाटील सुरेश.
245
_a
वाळवी.
260
_b
गमभन.
630
_a
वाळवी.
730
_a
वाळवी.
942
_c
BOOK
999
_c
553401
_d
553398